Gaming Quiz

Random Gaming or Pokémon Quiz

Pokémon Generation 3 Slideshow Quiz Stats

Quiz not verified by Sporcle

Challenge
Share
Tweet
Score 0/135 Timer 20:00
0 Plays Today
% Correct
Torchic
95.6%
Treecko
94.6%
Mudkip
94.6%
Blaziken
91.8%
Zigzagoon
90.2%
Combusken
89.8%
Grovyle
88.9%
Swampert
87.5%
Sceptile
87.3%
Wurmple
86.8%
Wingull
86.6%
Ralts
86.2%
Poochyena
85.8%
Silcoon
84.9%
Mightyena
84%
Skitty
83.8%
Beautifly
83.7%
Nuzleaf
83.7%
Seedot
83.5%
Aron
83.5%
Lotad
83.3%
Cascoon
83.1%
Marshtomp
82.9%
Pelipper
82.2%
Slaking
82.2%
Swellow
82%
Gardevoir
82%
Linoone
81.9%
Taillow
81.9%
Nosepass
81.7%
Dustox
81.5%
Sharpedo
81.5%
Wailord
81.5%
Shroomish
80.9%
Plusle
79.7%
Kirlia
79.5%
Minun
79.5%
Sableye
79.3%
Wailmer
79.3%
Ludicolo
79.1%
Slakoth
79.1%
Breloom
78.9%
Ninjask
78.8%
Meditite
78.6%
Lombre
78.4%
% Correct
Loudred
78.4%
Seviper
78.4%
Spoink
78.2%
Nincada
78%
Roselia
77.9%
Electrike
77.7%
Numel
77.5%
Rayquaza
77.5%
Exploud
77.3%
Azurill
77.3%
Delcatty
77.1%
Aggron
77.1%
Absol
77.1%
Regirock
77.1%
Shiftry
77%
Latias
76.8%
Torkoal
76.6%
Regice
76.6%
Latios
76.6%
Groudon
76.6%
Camerupt
76.4%
Solrock
76.4%
Surskit
76%
Registeel
75.9%
Luvdisc
75.5%
Kyogre
75.3%
Flygon
75.1%
Whismur
74.8%
Medicham
74.8%
Trapinch
74.8%
Makuhita
74.6%
Lairon
74.6%
Zangoose
74.6%
Vigoroth
74.2%
Metagross
74%
Spinda
73.1%
Duskull
73%
Altaria
72.8%
Bagon
72.6%
Deoxys
72.6%
Gulpin
72.4%
Lunatone
72.4%
Spheal
72.4%
Hariyama
72.2%
Milotic
72.1%
% Correct
Feebas
71.7%
Cacturne
71.5%
Shuppet
71.1%
Volbeat
71%
Cacnea
71%
Swablu
71%
Castform
71%
Dusclops
70.8%
Mawile
70.6%
Shedinja
70.4%
Manectric
70.4%
Grumpig
70.4%
Baltoy
70.4%
Carvanha
70.1%
Salamence
69.3%
Wynaut
69.1%
Claydol
69%
Jirachi
68.8%
Kecleon
68.4%
Tropius
68.4%
Shelgon
67.3%
Metang
66.8%
Whiscash
66.6%
Vibrava
66.4%
Banette
66.1%
Barboach
65.9%
Clamperl
65.9%
Illumise
65.3%
Glalie
65.2%
Swalot
64.8%
Crawdaunt
64.8%
Relicanth
64.8%
Snorunt
64.4%
Masquerain
64.1%
Corphish
64.1%
Walrein
62.3%
Sealeo
62.1%
Beldum
61.7%
Lileep
59.3%
Anorith
59.3%
Armaldo
59.3%
Chimecho
59.3%
Huntail
56.1%
Cradily
54.3%
Gorebyss
53.5%

You're not logged in!

Compare scores with friends on all Sporcle quizzes.
Sign Up with Email
OR
Log In

You Might Also Like...

Show Comments

Extras

Top Quizzes Today


Score Distribution

Your Account Isn't Verified!

In order to create a playlist on Sporcle, you need to verify the email address you used during registration. Go to your Sporcle Settings to finish the process.